000 00779nam a22002417a 4500
005 20170124110101.0
010 _aA-383606
020 _c00.00
_a8170991358
035 _aA-383606
037 _bCen Lib/Ret
040 _aDPL
_bEN
082 _a954.09
_bIQB
100 _aIqbal Narain
_927219
245 _aIndia :
_cby Iqbal Narain [and] Surendra K Gupta
_bin the year A.D.2000 /
260 _bMittal Publications
_aDelhi
_c1989
270 _a4528/12, Jai Mata Market, Trinagar
_bDelhi
_e110035
300 _avi,164p.
_c21cm(Hb)
500 _aIncludes bibliographical references and index
650 _aIndia -- Economic policy -- 1980
_927220
650 _aEconomic policy
_93998
700 _aGupta, Surendra K
_99509
942 _2ddc
_cEN
_h954.09
_mIQB
999 _c129725
_d129725